000
00290nam a2200121Ia 4500
008
240719s9999 xx 000 0 und d
041
_a
eng
082
_a
920 SUN
100
_a
Sundaresan, Bharat
245
_a
The Dhoni Touch
260
_a
Gurugram
_b
Penguin
_c
2018
300
_a
207 P.; 22 Cm.
999
_c
41147
_d
41147